| 000 | 00542nam a2200181 a 4500 | ||
|---|---|---|---|
| 001 | 2610 | ||
| 005 | 20140414131911.0 | ||
| 008 | 050607s19uu xx 00 eng d | ||
| 020 | _a0-525-45214-1 | ||
| 050 |
_aER _bEe1 1994 |
||
| 100 | _aMilne, A. A. | ||
| 245 |
_aEeyore loses a tail : _cA. A. Milne ; illustrated by Ernest H. Shepard. _bWinnie-The-Pooh / |
||
| 260 |
_aNew York : _bDutton Children's Books, _c1994. |
||
| 300 | _a1 v. p. : ill. ; cm. | ||
| 440 | _aThe Pop-Up Collection | ||
| 650 | _aChildren stories. | ||
| 999 |
_c111198 _d111198 |
||